| 000 | 00461nam a2200133 a 4500 | ||
|---|---|---|---|
| 001 | 4390 | ||
| 003 | CDMR | ||
| 005 | 20131025180729.0 | ||
| 008 | 130130s1997||||||||||||||||||||||||||||d | ||
| 040 |
_aCDMR _bcat _cCPC GIRONA |
||
| 245 | 3 |
_aEl periodisme segons Josep Pla _b: selecció de textos planians llegits per Josep Valls i Joan Ferrerós a la festa de les Mosques de la Informació 1997 |
|
| 260 |
_c1997 _bCol·legi de Periodistes de Catalunya |
||
| 942 |
_cMON _2udc |
||
| 999 |
_c4390 _d4390 |
||